| 000 | 00372nam a2200145Ia 4500 | ||
|---|---|---|---|
| 008 | 150201s2012 xx 000 0 und d | ||
| 082 |
_a616.07 _bE2012M |
||
| 100 | _aHARSH MOHAN | ||
| 245 | _aESSENTIALS PATHOLOGY FOR DENTAL STUDENTS | ||
| 250 | _a4TH | ||
| 260 |
_bJAYPEE MEDICAL PUBLISHER _aDELHI _c2012 |
||
| 300 | _a1-542 | ||
| 650 | _aPATHOLOGY | ||
| 942 |
_2ddc _cBK _037 |
||
| 999 |
_c4787 _d4787 |
||